000 00517nam a2200193Ia 4500
003 OSt
005 20230509142053.0
008 210423s1999 xx 000 0 und d
040 _cAL
041 _aeng
082 _a362.6
_223
_bJOSO
100 _aJOSHI (Pratap).
_9101057
245 _aOld age care and welfare administrations.
260 _aJaipur
_bMangal Deep Publications
_c1999
300 _av,295
_bHB
365 _b550
_cINR
906 _aadministrations. ; age ; care ; Old ; welfare
942 _2ddc
_cBK
999 _c171530
_d171530